00909nam a22001815i 450000100060000000300090000600500170001500700030003200800410003504000200007611000610009624502280015726000570038530000200044250501540046265100640061685200470068053486ES-MaACL20240229062721.0t|950928s1811 sp ||||1| spa d aCAM bspa cCAM2 aEspaña. bJunta Central Suprema Gubernativa del Reino.10aExposición que hacen a las Cortes Generales y Extraordinarias de la Nación Española, los individuos que compusieron la Junta Central Suprema Gubernativa de la misma, de su conducta en el tiempo de su administración. aCádiz : b[s.n.], c1811 (fImp. del Estado Mayor) a2 v. ; c32 cm.8 aContiene:Sección primera (XIII, 33, 54 p.) -- Sección segunda: Ramo diplómatico o de relaciones extrangeras (37, 219 p., [1] h. de grab. pleg.) 4aEspaña-xHistoria-y1808-1814, Guerra de la Independencia aES-MaACLjZ-111-112 xOlim: B-11438-39